|
|
|
|
| LEADER |
00000nam a22000007a 4500 |
| 005 |
20131009170249.0 |
| 007 |
cr|||| |||| |
| 008 |
131009s2011 co |||||s|||| 00| 0 spa d |
| 020 |
|
|
|a 978-958-8422-43-5
|
| 035 |
|
|
|a 11516
|
| 040 |
|
|
|a vLex
|
| 090 |
|
|
|c 4526
|d 4526
|
| 100 |
1 |
|
|a Ramr̕ez Artunduaga , Jaime
|
| 245 |
1 |
0 |
|a Campos electromagnťicos
|h [Recurso electrn̤ico] :
|b Conceptos bs̀icos y ejercicios resueltos /
|c Jaime Ramr̕ez Artunduaga
|
| 256 |
|
|
|a Servicio en ln̕ea
|
| 260 |
|
|
|a Bogot:̀
|b Universidad de San Buenaventura de Bogot,̀
|c 2011
|
| 300 |
|
|
|a 1 recurso electrn̤ico
|
| 506 |
1 |
|
|a Contenido solo disponible en los productos indicados
|d vLex Global
|d vLex Global (Academic Edition, excluding Law Schools)
|d vLex Global (U.S. Academic Edition, Law Schools)
|d vLex Global (U.S. Academic Edition, excluding Law Schools)
|d vLex Global (Academic Edition, Law Schools)
|
| 650 |
0 |
4 |
|a Campos electromagnťicos
|
| 740 |
0 |
|
|a vLex Libros (Servicio en ln̕ea)
|
| 856 |
4 |
0 |
|u http://vlex.com/source/campos-electromagneticos-conceptos-basicos-y-ejercicios-resueltos-11516
|z Acceso restringido
|
| 942 |
|
|
|c BOOK
|
| 999 |
0 |
|
|a Electromagnetic fields
|